ბათუმის შოთა რუსთაველის სახელმწიფო უნივერსიტეტის ბიბლიოთეკა

რუსულ - ქართულ ლექსიკონი = Русско-Грузинский словарь / (ბიბ.ჩანაწერი № 38049)

000 -ლიდერი
ფიქსირებული სიგრძის საკონტროლო ველი 00904nam a2200205Ia 4500
001 - საკონტროლო ნომერი
საკონტროლო ველი 4035
003 - საკონტროლო ნომრის იდენტიფიკატორი
საკონტროლო ველი GE_BSU
005 - ბოლო ოპერაციის თარიღი და დრო
საკონტროლო ველი 20190510205854.0
008 - ფიქსირებული სიგრძის მონაცემთა ელემენტები - ზოგადი ინფორმაცია
ფიქსირებული სიგრძის საკონტროლო ველი 181216s1983|||| |||||||||||||| ||geo||
040 ## - კატალოგიზაციის წყარო
Transcribing agency GE_BSU
041 ## - ენის კოდი
Language code of text/sound track or separate title geo
080 ## - უნივერსალური ათობითი კლასიფიკაციის ინდექსი
Universal Decimal Classification number 81'374.822(038)=161.1=353.1 რ-94
245 ## - ცნობა სათაურის შესახებ
Title რუსულ - ქართულ ლექსიკონი = Русско-Грузинский словарь /
Statement of responsibility, etc რედ : ნ. მამისაშვილი, ფ. ალბოროვა
264 ## - წარმოების, გამოცემის, დისტრიბუციის და სხვა ცნობები
გამოცემის, წარმოების, დისტრიბუციის... ადგილი თბილისი .:
გამოცემის, წარმოების, დისტრიბუციის... სახელწოდება საბჭოთა საქართველო,
გამოცემის, წარმოების, დისტრიბუციის... თარიღი 1983.
300 ## - ფიზიკური აღწერა
Extent 864გვ .;
Dimensions 24 სმ.
653 ## - INDEX TERM--UNCONTROLLED
Uncontrolled term რუსულ-ქართულ ლექსიკონი
700 ## - ADDED ENTRY--PERSONAL NAME
Personal name მამისაშვილი,ნ
Relator term რედაქტორი
9 (RLIN) 1044
700 ## - ADDED ENTRY--PERSONAL NAME
Personal name ალბოროვა, ფ
Relator term რედაქტორი
9 (RLIN) 1045
942 ## - ADDED ENTRY ELEMENTS (KOHA)
Koha item type წიგნი
Source of classification or shelving scheme
ეგზემპლარები
ჩამოწერის სტატუსი დაკარგული ეგზემპლარის სტატუსი კლასიფიკაციის წყარო ან თაროზე გაწყობის სქემა დაზიანების სტატუსი არ გაიცემა მუდმივი მდებარეობა (დაცვის ადგილი) ამჟამინდელი ადგილსამყოფელი თაროზე განთავსების ადგილი შეძენის თარიღი ღირებულება, შესყიდვის ნორმალური ფასი სრული შენახვის შიფრი შტრიხკოდი ბოლო ოპერაციის თარიღი ეგზემპლარის მიმდევრობითი ნომერი (კეტერი?) ფასის ძალაში შესვლის თარიღი ეგზემპლარის სახეობა საჯარო შენიშვნა
          ტექნოლოგიური ფაკულტეტის ბიბლიოთეკა ტექნოლოგიური ფაკულტეტის ბიბლიოთეკა წიგნსაცავი 2018-12-17 8.00 81'374.822(038)=161.1=353.1 რ-94 8372 2018-12-17 8372 2018-12-17 წიგნი 8 ლ.